OL - Tous les Joueurs (2015-2026) - Statistiques

Statistiques générales
  • Ce quiz a été pris 506 fois
    38 depuis la dernière actualisation
  • Le résultat moyen est 62 sur 120
Statistiques - réponses
Matchs Période Nationalité Joueur % Correct
391 2010-2025 France Alexandre Lacazette
100%
309 2013- France Corentin Tolisso
97%
489 2012-2024 Portugal Anthony Lopes
94%
179 2017-2021 Pays-Bas Memphis Depay
91%
21 2026 Brésil Endrick
82%
104 2011-2017 France Gueida Fofana
82%
78 2024- Belgique Malick Fofana
82%
132 2022- Argentine Nicolas Tagliafico
82%
126 2017-2020 Burkina Faso Bertrand Traoré
79%
234 2017-2023 Algérie Houssem Aouar
79%
193 2013-2019 France Nabil Fekir
79%
38 2025- Tchéquie Pavel Sulc
79%
37 2025- Portugal Afonso Moreira
76%
115 2023- Angleterre Ainsley Maitland-Niles
76%
117 2023- Angola Clinton Mata
76%
75 2017-2020 Brésil Fernando Marçal
76%
49 2024-2025 Géorgie Georges Mikautadze
76%
85 2024- Sénégal Moussa Niakhaté
76%
76 2024- États-Unis Tanner Tessmann
76%
43 2025- Angleterre Tyler Morton
76%
35 2025- Slovaquie Dominik Greif
73%
131 2012- Algérie Rachid Ghezzal
73%
185 2019-2025 France Rayan Cherki
73%
14 2026- Ukraine Roman Yaremchuk
73%
64 2020-2024 Zimbabwe Tino Kadewere
73%
57 2023-2025 Croatie Duje Caleta-Car
70%
69 2023- Ghana Ernest Nuamah
70%
82 2020-2022 Brésil Lucas Paqueta
70%
48 2017-2018 République dominicaine Mariano Diaz
70%
184 2019-2024 France Maxence Caqueret
70%
27 2024- Belgique Orel Mangala
70%
71 2020-2022 Brésil Bruno Guimarães
67%
134 2009-2024 Croatie Dejan Lovren
67%
114 2020-2023 Cameroun Karl Toko-Ekambi
67%
80 2017-2020 Pays-Bas Kenny Tete
67%
252 2015-2021 Côte d'Ivoire Maxwell Cornet
67%
16 2024- France Rémy Descamps
67%
30 2022-2023 Brésil Tetê
67%
63 2024- Brésil Abner
64%
139 2018-2022 Belgique Jason Denayer
64%
34 2025- Tchéquie Adam Karabec
61%
92 2014-2017 France Christophe Jallet
61%
142 2015-2019 Madagascar Jérémy Morel
61%
35 2021-2023 Allemagne Jérôme Boateng
61%
334 2009-2017 France Maxime Gonalons
61%
58 2024-2025 Serbie Nemanja Matic
61%
154 2009-2018 France Clément Grenier
58%
213 2012-2019 France Jordan Ferri
58%
129 2017-2022 France Léo Dubois
58%
171 2011-2016 France Samuel Umtiti
58%
79 2017-2019 France Ferland Mendy
55%
32 2023-2024 Irlande Jake O'Brien
55%
35 2019-2021 Danemark Joachim Andersen
55%
49 2024-2025 Brésil Lucas Perri
55%
167 2017-2022 Brésil Marcelo
55%
76 2015-2017 France Mathieu Valbuena
55%
103 2012-2016 Serbie Milan Bisevac
55%
170 2018-2023 France Moussa Dembélé
55%
15 2017-2020 Algérie Amine Gouiri
52%
142 2011-2016 Burkina Faso Bakary Koné
52%
47 2021-2023 France Bradley Barcola
52%
48 2019-2023 France Jeff Reine-Adélaïde
52%
140 2015-2020 Brésil Rafael Da Silva
52%
24 2025- Pays-Bas Ruben Kluivert
52%
16 2021-2022 Suisse Xherdan Shaqiri
52%
16 2019-2023 Mali Youssouf Koné
52%
18 2023-2024 Suède Amin Sarr
48%
103 2013-2016 Cameroun Henri Bedimo
48%
37 2021-2022 Algérie Islam Slimani
48%
15 2026- Danemark Noah Nartey
48%
36 2021-2022 Italie Emerson
45%
170 2015-2020 France Lucas Tousart
45%
18 2025- Uruguay Martín Satriano
45%
72 2015-2017 Espagne Sergi Darder
45%
128 2010-2015 France Yoann Gourcuff
45%
68 2021-2023 France Castello Lukeba
42%
21 2024-2025 Nigéria Gift Orban
42%
32 2025- France Khalis Merah
42%
81 2018-2020 France Martin Terrier
42%
20 2010-2019 France Mathieu Gorgelin
42%
117 2017-2022 France Tanguy Ndombele
42%
143 2019-2023 Brésil Thiago Mendes
42%
18 2025- Pays-Bas Hans Hateboer
39%
21 2023-2024 Brésil Jeffinho
39%
27 2016-2017 Pologne Maciej Rybus
39%
62 2020-2023 France Malo Gusto
39%
20 2025- Portugal Mathys De Carvalho
39%
37 2024-2025 Algérie Saïd Benrahma
39%
85 2020-2024 Côte d'Ivoire Sinaly Diomandé
39%
20 2025 Argentine Thiago Almada
39%
43 2012-2015 Cameroun Clinton N'jie
36%
24 2016-2017 Argentine Emanuel Mammana
36%
23 2023-2024 Guinée-Bissau Mama Baldé
33%
33 2020-2021 Italie Mattia De Sciglio
33%
19 2019-2021 France Melvin Bard
33%
21 2016-2018 Cameroun Nicolas Nkoulou
33%
29 2017-2022 Sénégal Pape Cheikh Diop
33%
11 2022-2024 France Rémy Riou
33%
62 2022-2025 France Saël Kumbedi
33%
25 2019-2021 Brésil Jean Lucas
30%
11 2020-2023 Allemagne Julian Pollersbeck
30%
72 2015-2020 France Mapou Yanga-Mbiwa
30%
11 2026- France Rémi Himbert
30%
45 2021-2024 Brésil Henrique
27%
19 2014-2016 France Lindsay Rose
27%
20 2015-2018 France Aldo Kalulu
24%
14 2023-2025 Côte d'Ivoire Paul Akouokou
24%
54 2011-2015 Algérie Yassine Benzia
24%
29 2015-2016 France Claudio Beauvue
21%
55 2015-2018 France Mouctar Diakhaby
21%
29 2021-2023 France Damien Da Silva
18%
40 2022-2024 France Johann Lepenant
18%
38 2024-2025 France Jordan Veretout
18%
82 2012-2016 France Arnold Mvuemba
15%
28 2012-2015 Algérie Mehdi Zeffane
15%
14 2013-2015 France Farès Bahlouli
12%
91 2011-2015 France Mouhamadou Dabo
12%
22 2016-2018 Comores Myziane Maolida
12%
28 2022-2023 France Romain Faivre
12%
23 2011-2015 Guinée Mohamed Yattara
9%
Aucun quiz correspondant
Distribution des résultats
% des personnes avec chaque résultat
Percentile par nombre de réponses
Votre historique - résultats
Vous n’avez pas pris ce quiz depuis la dernière actualisation